| 000 | 00898nmc a2200313 a 4500 | ||
|---|---|---|---|
| 003 | AR-BaBNM | ||
| 005 | 20251128204136.0 | ||
| 008 | 046019s1986 ||||||||||||||000 | spa|| | ||
| 020 | _a950-25-1408-4 | ||
| 040 | _cAR-BaBNM | ||
| 100 | 1 | _aGarcía Costa, Víctor O. | |
| 245 | 1 | 0 |
_aAlfredo L. Palacios _bun socialismo argentino y para la Argentina. 1 |
| 260 |
_aBuenos Aires _bCentro Editor de América Latina _c1986 |
||
| 300 | 0 | _a141 p. | |
| 490 | 0 |
_aBiblioteca política Argentina _vv. 147 |
|
| 600 | 1 | 4 | _aPalacios, Alfredo Lorenzo |
| 650 | 4 | _aHISTORIA ARGENTINA | |
| 650 | 4 | _aPOLITICA | |
| 650 | 4 | _aHISTORIA DE LAS IDEAS | |
| 650 | 4 | _aIDEOLOGIAS POLITICAS | |
| 650 | 4 | _aSOCIALISMO | |
| 650 | 4 | _aSOCIALISMO | |
| 650 | 4 | _aLEGISLACION DEL TRABAJO | |
| 650 | 4 | _aDERECHO LABORAL | |
| 651 | 4 | _aArgentina | |
| 800 | 1 |
_aTroncoso, Oscar _edirector |
|
| 942 | _cBK | ||
| 998 | _cenrique | ||
| 999 |
_c6345 _d6345 |
||